Limit na krytie hypoúverov je podľa bankárov zbytočným byrokratickým obmedzením

Banky, ktoré chcú poskytovať hypotekárne úvery, musia podľa pravidiel Národnej banky Slovenska (NBS) vydávať hypotekárne záložné listy (HZL). Podľa NBS musí mať hypotekárny úver špeciálne krytie. Podľa slovenských bankárov ide o zbytočné byrokratické obmedzenie bez logického dôvodu. Rozpory medzi N...

Description complète

Enregistré dans:
Détails bibliographiques
Auteur principal: Kláseková, Martina
Format: Chapitre de livre
Langue:slovaque
Sujets:
Tags: Ajouter un tag
Pas de tags, Soyez le premier à ajouter un tag!

MARC

LEADER 00000naa$a2200000$$$4500
001 0004253
005 20231009074635.6
041 0 |a slo 
044 |a SK 
245 1 0 |a Limit na krytie hypoúverov je podľa bankárov zbytočným byrokratickým obmedzením  |c aut. Martina Kláseková 
520 |a Banky, ktoré chcú poskytovať hypotekárne úvery, musia podľa pravidiel Národnej banky Slovenska (NBS) vydávať hypotekárne záložné listy (HZL). Podľa NBS musí mať hypotekárny úver špeciálne krytie. Podľa slovenských bankárov ide o zbytočné byrokratické obmedzenie bez logického dôvodu. Rozpory medzi NBS a ostatnými bankami ohľadom HZL. 
610 2 0 |a úver hypotekárny 
610 2 0 |a listy záložné hypotekárne 
610 2 0 |a banky 
610 2 0 |a banky centrálne 
610 2 0 |a byrokracia 
610 2 0 |a NBS Bratislava 
100 1 |a Kláseková, Martina